000 00921nam a2200229 u 4500
001 000346695
003 AM-YeHGA
005 20250618072154.0
008 040625s1976 ai r 000 0 arm d
040 _aAM-YeHGA
041 0 _aarm
080 _a613.3
090 _aԳ-47
100 1 _aԳևորգյան, Սպարտակ Գառնիկի
245 1 0 _aԹունաքիմիկատներով թունավորումները և առաջին օգնությունը /
_cՍ.Գ. Գևորգյան; ՀՍՍՀ Առողջապահ. մինիստր. հանրապետ. սանլուստուն.
260 _aԵրևան :
_bՀայաստան,
_c1976.
300 _a34 էջ ;
_c21 սմ.
650 1 4 _aԱռողջապահություն
_95263
650 1 4 _aԱռաջին օգնություն
710 2 _aՀՍՍՀ Առողջապահության մինիստրության հանրապետական սանլուստուն
090 _c133498
999 _c132132
_d132132